| 000 | 00756cab a2200229 4500 | ||
|---|---|---|---|
| 001 | WB3415-13 | ||
| 008 | 090401t1998 xxu||||| |||| 00| 0 eng d | ||
| 035 | _a(Sirsi) u85659 | ||
| 041 | _aeng | ||
| 245 | _aBenchmark index | ||
| 260 | _c1998 | ||
| 350 | _a0 | ||
| 490 |
_aEstates Gazette _v(9815) 11 April 1998, 30(1) |
||
| 520 | _aIPD is considering publishing two separate indices to ensure the backdating of the existing index is effectively covered. A consultation paper is to be published. | ||
| 650 | _aINVESTMENT PROPERTY | ||
| 650 | _aIPD INDEX | ||
| 650 | _aPROPERTY INDICES | ||
| 650 | _aPROPERTY INVESTMENT | ||
| 690 | _aPROPERTY-COMMERCIAL PROPERTY-COMMERCIAL PROPERTY FINANCE AND INVESTMENT | ||
| 942 | _n0 | ||
| 948 | _c17/04/1998 | ||
| 999 |
_c53875 _d53875 |
||